India administration / (Record no. 4775)
[ view plain ]
| 000 -LEADER | |
|---|---|
| fixed length control field | 00405cam a2200169ua 4500 |
| 041 ## - LANGUAGE CODE | |
| Language code of text/sound track or separate title | eng |
| 082 ## - DEWEY DECIMAL CLASSIFICATION NUMBER | |
| Classification number | 350 |
| Item number | SAC/IN |
| 100 ## - MAIN ENTRY--AUTHOR NAME | |
| Personal name | Sachdeva, Gupta . |
| 245 ## - TITLE STATEMENT | |
| Title | India administration / |
| 260 ## - PUBLICATION, DISTRIBUTION, ETC. (IMPRINT) | |
| Place of publication | New Delhi : |
| Name of publisher | Ajanta Prakashan , |
| Year of publication | 1965. |
| 300 ## - PHYSICAL DESCRIPTION | |
| Number of Pages | 32 ; . |
| 942 ## - ADDED ENTRY ELEMENTS (KOHA) | |
| Koha item type | Books |
| Withdrawn status | Lost status | Damaged status | Home library | Current library | Date acquired | Full call number | Accession Number | Koha item type | Public note |
|---|---|---|---|---|---|---|---|---|---|
| Withdrawn | KAUAET | Sanskrit University | 07/04/2012 | 350 | 7896 | Books | Transferred to Sanskrit University |
